000 00315nam a22001217a 4500
008 181005b xxu||||| |||| 00| 0 eng d
041 _aeng
080 _a610
100 _a45
101 _aFIZ
245 _aRFrontline Treatment Of Copd Amonography Of Primary Cre Physicians
_cMuraray.j..f
942 _2udc
_cBK
999 _c48878
_d48878